000 01269cam a2200349 a 4500
001 15396003
003 OSt
005 20151015153900.0
008 080804s2009 nyu 001 0 eng
010 _a 2008033715
020 _a9780205648726 (spiral bound : alk. paper)
020 _a020564872X (spiral bound : alk. paper)
020 _a9780205743391 (pbk.)
020 _a0205743390 (pbk.)
040 _aDLC
_cDLC
_dDLC
050 0 0 _aPE1408
_b.F245 2009
082 0 0 _a808/.042
_222
100 1 _aFaigley, Lester,
_d1947-
245 1 4 _aThe Little Penguin handbook /
_cLester Faigley.
250 _a2nd ed.
260 _aNew York :
_bPearson Longman,
_cc2009.
300 _a282 p. ;
_c19 cm.
500 _aAbbreviated version of The Penguin handbook.
500 _aIncludes index.
650 0 _aEnglish language
_xRhetoric
_vHandbooks, manuals, etc.
650 0 _aEnglish language
_xGrammar
_vHandbooks, manuals, etc.
650 0 _aReport writing
_vHandbooks, manuals, etc.
856 4 1 _3Table of contents only
_uhttp://www.loc.gov/catdir/toc/ecip0825/2008033715.html
906 _a7
_bcbc
_corignew
_d1
_eecip
_f20
_gy-gencatlg
942 _2lcc
_cBK
999 _c250783
_d250783